Geography Quiz

Random Geography or State Quiz

Progressively Smaller Pennsylvania Counties Quiz Stats

 Plays Quiz not verified by Sporcle

Support Sporcle.
Go Orange.
Score 0/10 Timer 03:00
0 Plays Today
Population Range County / Counties % Correct
1,000,000 or more (2)Philadelphia, Allegheny
100%
500,000 – 999,999 (5)Montgomery, Bucks, Delaware, Lancaster, Chester
97.9%
250,000 – 499,999 (9)York, Berks, Lehigh, Westmoreland, Luzerne, Northampton, Dauphin, Erie, Cumberland
95.7%
150,000 – 249,999 (7)Lackawanna, Washington, Butler, Monroe, Beaver, Centre, Franklin
85.1%
100,000 – 149,999 (8)Schuylkill, Lebanon, Cambria, Fayette, Blair, Lycoming, Mercer, Adams
83%
45,000 – 64,999 (9)Carbon, Bradford, Pike, Wayne, Venango, Bedford, Mifflin, Perry, Huntingdon
80.9%
65,000 – 99,999 (8)Northumberland, Lawrence, Crawford, Indiana, Clearfield, Somerset, Columbia, Armstrong
78.7%
35,000 – 44,999 (10)Union, Jefferson, McKean, Tioga, Susquehanna, Snyder, Warren, Clarion, Clinton, Greene
78.7%
10,000 – 34,999 (6)Elk, Wyoming, Juniata, Montour, Potter, Fulton
74.5%
Fewer than 10,000 (3)Forest, Sullivan, Cameron
63.8%

You're not logged in!

Compare scores with friends on all Sporcle quizzes.
OR
Log In

From the Vault

'E' TV Shows by Cast Photo

by lolshortee

Now that's entertainment!
Remove Ads.
Support Sporcle.
Get the best of Sporcle when you Go Orange. This ad-free experience offers more features, more stats, and more fun while also helping to support Sporcle. Thank you for becoming a member.

Show Comments

Extras

Top Quizzes Today


Score Distribution

Your Account Isn't Verified!

In order to create a playlist on Sporcle, you need to verify the email address you used during registration. Go to your Sporcle Settings to finish the process.

Report this User

Report this user for behavior that violates our Community Guidelines.

Details: